Quantum theory of many-variable systems and fields
This book is written for graduate students in physics who have some rudimentary knowledge of experimental particle physics, and an acquaintance wiht quantum fiel theory, including Feynman graphs, and the notion of renormalization. It might sever as a text for a one-semester course beyond quantum fie...
Na minha lista:
| Autor principal: | |
|---|---|
| Formato: | Livro |
| Idioma: | Undetermined |
| Publicado em: |
Singapore
World Scientific
1985
|
| Assuntos: | |
| Tags: |
Adicionar Tag
Sem tags, seja o primeiro a adicionar uma tag!
|
| Thư viện lưu trữ: | Trung tâm Học liệu Trường Đại học Cần Thơ |
|---|
| LEADER | 01197nam a2200205Ia 4500 | ||
|---|---|---|---|
| 001 | CTU_156279 | ||
| 008 | 210402s9999 xx 000 0 und d | ||
| 020 | |c 1012300 | ||
| 082 | |a 530.143 | ||
| 082 | |b S132 | ||
| 100 | |a Sakita, B. | ||
| 245 | 0 | |a Quantum theory of many-variable systems and fields | |
| 245 | 0 | |c B. Sakita | |
| 260 | |a Singapore | ||
| 260 | |b World Scientific | ||
| 260 | |c 1985 | ||
| 520 | |a This book is written for graduate students in physics who have some rudimentary knowledge of experimental particle physics, and an acquaintance wiht quantum fiel theory, including Feynman graphs, and the notion of renormalization. It might sever as a text for a one-semester course beyond quantum field theory. The material, in fact, was taken in part from such a course offered by the author at MIT and at the Institute for High Energy Physics in Beijing. | ||
| 650 | |a Quantum field theory,Statistical mechanics,Perturbation (Quantum dynamics),Lý thuyết trường lượng tử,Cơ học thống kê,Sự nhiễu loạn (động lực học lượng tử) | ||
| 904 | |i Mỹ Xuyên, Qhieu | ||
| 980 | |a Trung tâm Học liệu Trường Đại học Cần Thơ | ||